500 Best Spanish Footballers 2026 - Statistics

General Stats
  • This quiz has been taken 60 times
  • The average score is 122 of 500
Answer Stats
Team Player % Correct
Barcelona Pedri
96%
Manchester City Rodri
94%
Athletic Club Nico Williams
92%
Barcelona Gavi
90%
Barcelona Lamine Yamal
90%
PSG Fabián Ruiz
84%
Arsenal Mikel Merino
82%
Levante Oriol Rey
82%
Bayer Leverkusen Aleix García
80%
Real Madrid Dani Carvajal
80%
Barcelona Eric García
80%
Real Madrid Fran García
80%
Barcelona Joan García
80%
Arsenal Martín Zubimendi
80%
Barcelona Pau Cubarsí
80%
Rayo Vallecano Álvaro García
78%
Real Madrid Gonzalo García
78%
Espanyol Kike García
78%
Sporting Kansas Manu García
78%
Osasuna Raúl García
78%
Osasuna Ruben García
78%
UD Las Palmas Ale García
76%
Aston Villa Andrés García
76%
Olympiakos Dani García
76%
Al-Rayyan David García
76%
Chelsea Marc Cucurella
76%
Real Betis Pablo García
76%
Gil Vicente Santi García
76%
Levante Victor García
76%
Girona Abel Ruiz
75%
Barcelona Dani Olmo
75%
Barcelona Fermín López
75%
Real Sociedad Mikel Oyarzabal
75%
Granada Sergio Ruiz
75%
Barcelona Alejandro Balde
73%
Arsenal David Raya
71%
Barcelona Ferran Torres
71%
Mallorca Pablo Torre
71%
Tottenham Pedro Porro
71%
Barcelona Gerard Martín
69%
Girona Iván Martín
69%
Real Sociedad Jon Martín
69%
Getafe Mario Martín
69%
Real Betis Pau López
69%
Athletic Club Unai Simon
69%
Genoa Aaron Martín
67%
Racing Santander Andrés Martín
67%
Rayo Vallecano Carlos Martín
67%
Valencia Diego López
67%
Celta de Vigo Fer López
67%
Aston Villa Pau Torres
67%
Rayo Vallecano Unai López
67%
Girona | Mallorca David López
65%
Real Oviedo Javi López
65%
Monterrey Oliver Torres
65%
Darmstadt Sergio López
65%
Girona Arnau Martínez
61%
Real Madrid Dean Huijsen
61%
Real Sociedad B Gorka Carrera
61%
Real Madrid Castilla Joan Martínez
61%
Sporting Braga Gabri Martínez
59%
Al-Nassr Íñigo Martínez
59%
Al-Bidda Javi Martínez
59%
Inter de Milán Josep Martínez
59%
Levante Pablo Martínez
59%
Alavés Toni Martínez
59%
Real Madrid Raúl Asencio
57%
Chelsea Robert Sánchez
57%
Bayer Leverkusen Alejandro Grimaldo
53%
Mallorca Antonio Sánchez
53%
Burgos Curro Sánchez
53%
Villarreal Gerard Moreno
53%
Sevilla Juanlu Sánchez
53%
Levante Manu Sánchez
53%
Fenerbahce Marco Asensio
53%
Estoril Praia Ricard Sánchez
53%
Atlético de Madrid Robin Le Normand
53%
Al-Arabi Rodri Sánchez
53%
Espanyol Rubén Sánchez
53%
Athletic Club Selton Sánchez
53%
Como Alberto Moreno
51%
Girona Álex Moreno
51%
Real Madrid Álvaro Carreras
51%
Celta de Vigo Iago Aspas
51%
Espanyol Jofre Carreras
51%
Al-Rayyan Rodrigo Moreno
51%
Como Jesús Rodríguez
49%
Leganés Dani Rodríguez
47%
PSG Dro Fernández
47%
Celta de Vigo Javi Rodríguez
47%
UD Las Palmas Jesé Rodríguez
47%
UD Las Palmas Kirian Rodríguez
47%
Al Qadsiyah Nacho Fernández
47%
Manchester City Nico González
47%
Espanyol Roberto Fernández
47%
Osasuna Aitor Fernández
45%
CD Mirandés Carlos Fernández
45%
Racing Santander Damián Rodríguez
45%
Celta de Vigo Manu Fernández
45%
FC Utrecht Miguel Rodríguez
45%
Al-Dirayjah Óscar Rodríguez
45%
Sevilla Peque Fernández
45%
Alavés Raúl Fernandez
45%
Deportivo Riki Rodríguez
45%
Barça Athletic Toni Fernández
45%
Espanyol Urko González
45%
Villarreal Alfon González
43%
Como Álvaro Morata
43%
Umm Salal FC Cristo González
43%
Burgos David González
43%
Córdoba Jacobo González
43%
Átletico de Madrid Marcos Llorente
43%
Girona Bryan Gil
41%
New England Revolution Carles Gil
41%
Real Betis Diego Llorente
41%
Real Betis Isco
41%
Athletic Club Aymeric Laporte
39%
Castellón Diego Barri
39%
Atlético de Madrid Koke
39%
Barcelona Marc Bernal
39%
Atlético de Madrid Pablo Barrios
39%
Rayo Vallecano Pedro Díaz
39%
Deportivo Yeremay Hernández
39%
Atlético de Madrid Álex Baena
37%
Ceuta Carlos Hernández
37%
Barcelona Marc Casadó
37%
Athletic Club Oihan Sancet
37%
Real Sociedad Sergio Gómez
37%
Free Agent Sergio Ramos
37%
Al-Ittihad Unai Hernández
37%
Crystal Palace Yeremy Pino
37%
Villarreal Ayoze Pérez
35%
Espanyol Carlos Romero
35%
Botafogo Chris Ramos
35%
Arsenal Cristian Mosquera
35%
Real Madrid Dani Ceballos
35%
Athletic Club Dani Vivian
35%
Rayo Vallecano Fran Pérez
35%
Bayer Leverkusen Lucas Vázquez
35%
Celta de Vigo Marcos Alonso
35%
Lazio Pedro
35%
Athletic Club Unai Gómez
35%
Athletic Club Yeray Álvarez
35%
Real Sociedad Alex Remiro
33%
Alavés Ángel Pérez
33%
Celta de Vigo Borja Iglesias
33%
Aris Tessaloniki Carles Perez
33%
Levante Carlos Álvarez
33%
Real Sociedad Carlos Soler
33%
Osasuna Iker Muñoz
33%
Sevilla Isaac Romero
33%
Levante Iván Romero
33%
Venezia Kike Pérez
33%
Osasuna Moi Gómez
33%
Sporting Braga Victor Gómez
33%
Osasuna Victor Muñoz
33%
Real Sociedad Aihen Muñoz
31%
Elche Hector Fort
31%
Celta de Vigo Hugo Álvarez
31%
Getafe Javi Muñoz
31%
Getafe Juan Iglesias
31%
Real Oviedo Santi Cazorla
31%
Lazio Mario Gila
29%
Celta de Vigo Óscar Mingueza
29%
Anderlecht Coba da Costa
27%
Villarreal Dani Parejo
27%
Fiorentina David De Gea
27%
Alavés Denis Suarez
27%
Al-Gharafa Joselu
27%
Valencia Jose Luís Gayá
27%
Chelsea Marc Guiu
27%
LA Galaxy Riqui Puig
27%
Osasuna Sergio Herrera
27%
Castellón Alberto Jimenez
25%
Bournemouth Álex Jiménez
25%
Boca Juniors Ander Herrera
25%
Monaco Ansu Fati
25%
Real Sociedad Brais Méndez
25%
Real Betis Hector Bellerín
25%
Elche Iñaki Peña
25%
Melbourne Victory Juan Mata
25%
Getafe Luis Milla
25%
Al-Hilal Pablo Marí
25%
Elche Rafa Mir
25%
Como Sergi Roberto
25%
Athletic Club Álex Berenguer
24%
Como Álex Valle
24%
Real Sociedad Ander Barrenetxea
24%
Arsenal Kepa Arrizabalaga
24%
Famalicao Marcos Peña
24%
Espanyol Pere Milla
24%
Real Oviedo Alberto Reina
22%
Real Sociedad Álvaro Odriozola
22%
Roma Bryan Zaragoza
22%
Girona Fran Beltrán
22%
Rayo Vallecano Isi Palazón
22%
Real Betis Rodrigo Riquelme
22%
Athletic Club Yuri Berchiche
22%
Porto Gabri Veiga
20%
Valencia Hugo Duro
20%
Athletic Club Íñigo Lekue
20%
Como Jacobo Ramón
20%
Valencia Javi Guerra
20%
Real Betis Marc Bartra
20%
Napoli Miguel Gutierrez
20%
Athletic Club Mikel Jauregizar
20%
Racing Santander Peio Canales
20%
Villarreal Rafa Marín
20%
Flamengo Saúl Ñiguez
20%
Monterrey Sergio Canales
20%
Inter Miami Sergio Reguilón
20%
Villarreal Alberto Moleiro
18%
Getafe Borja Mayoral
18%
Sevilla Cesar Azpilicueta
18%
Getafe David Soria
18%
Real Zaragoza Francho Serrano
18%
Sporting Braga Fran Navarro
18%
Athletic Club Gorka Guruzeta
18%
Real Sociedad Igor Zubeldia
18%
Alavés Jon Pacheco
18%
Levante Jose Luis Morales
18%
SD Eibar Juan Bernat
18%
Al-Wakrah Luis Alberto
18%
Atlético de Madrid Marc Pubill
18%
Athletic Club Nico Serrano
18%
Real Betis Pablo Fornals
18%
Villarreal Pau Navarro
18%
Athletic Club Robert Navarro
18%
Porto Samu Aghehowa
18%
West Ham Adama Traoré
16%
Athletic Club Aitor Paredes
16%
Celta de Vigo Álvaro Núñez
16%
Roma Angeliño
16%
Alavés Antonio Blanco
16%
Villarreal Arnau Tenas
16%
Celta de Vigo Ferrán Jutglá
16%
Elche Gonzalo Villar
16%
Osasuna Javi Galán
16%
Albacete Javi Villar
16%
Rayo Vallecano Jorge de Frutos
16%
Valencia Luis Rioja
16%
Roma Mario Hermoso
16%
Athletic Club Mikel Vesga
16%
Real Sociedad Pablo Marín
16%
Al-Arabi Pablo Sarabia
16%
Mallorca Sergi Darder
16%
Real Madrid Castilla Thiago Pitarch
16%
Valencia Unai Núñez
16%
Villarreal Alfonso Pedraza
14%
Athletic Club Andoni Gorosabel
14%
Stuttgart Chema Andrés
14%
Getafe Diego Rico
14%
Espanyol Edu Expósito
14%
Wolverhampton Hugo Bueno
14%
Athletic Club Íñigo Ruíz de Galarreta
14%
Espanyol Javi Puado
14%
Albacete Jesús Vallejo
14%
Leganés | Osasuna Juan Cruz
14%
Osasuna Lucas Torró
14%
Sevilla Manu Bueno
14%
Pisa Raúl Albiol
14%
Osasuna Raúl Moro
14%
Atlético de Madrid Rodrigo Mendoza
14%
UD Las Palmas Sandro Ramírez
14%
Athletic Club Adama Boiro
12%
Real Betis Aitor Ruibal
12%
Elche Aleix Febas
12%
Osasuna Alejandro Catena
12%
Real Zaragoza Alejandro Gomes
12%
Real Sociedad Aritz Elustondo
12%
Alavés Carles Aleñá
12%
Celta de Vigo Carlos Domínguez
12%
Birmingham City Carlos Vicente
12%
Levante Dela
12%
Real Madrid Castilla Diego Aguado
12%
Rayo Vallecano Gerard Gumbau
12%
Hajduk Split Hugo Guillamón
12%
Racing Santander Íñigo Vicente
12%
Athletic Club Jesús Areso
12%
Fulham Jorge Cuenca
12%
Valencia José Copete
12%
Mallorca Leo Román
12%
Deportivo Luismi Cruz
12%
Mallorca Manu Morlanes
12%
Elche Marc Aguado
12%
Real Betis Marc Roca
12%
Celta de Vigo Miguel Román
12%
Celta de Vigo Pablo Durán
12%
Lazio Patric
12%
Sporting Braga Pau Víctor
12%
Valencia Pepelu
12%
Espanyol Pol Lozano
12%
Real Betis Sergi Altimira
12%
Dinamo Zagreb Sergi Domínguez
12%
Liverpool Stefan Bajcetic
12%
Getafe Adrián Liso
10%
Elche Adriá Pedrosa
10%
Osasuna Aimar Oroz
10%
Girona Alejandro Francés
10%
Athletic Club Alejandro Rego
10%
Real Betis Álvaro Vallés
10%
Álaves Ander Guevara
10%
Real Sociedad Beñat Turrientes
10%
Valencia Cesar Tarrega
10%
UD Las Palmas Jonathan Viera
10%
Real Sociedad Jon Gorrotxategi
10%
Alavés Jon Guridi
10%
Osasuna Jon Moncayola
10%
Real Madrid Castilla Jorge Cestero
10%
Sevilla Jose Ángel Carmona
10%
Nice Kevin Carlos
10%
Mallorca Mateo Joseph
10%
Real Oviedo Nacho Vidal
10%
Rayo Vallecano Óscar Valentín
10%
Rayo Vallecano Pep Chavarría
10%
Villarreal Santi Comesaña
10%
Jagiellonia Sergio Lozano
10%
Real Oviedo Aaron Escandell
8%
Mallorca Abdon Prats
8%
Lecce Álex Sala
8%
Málaga Alfonso Herrero
8%
Mallorca Antonio Raíllo
8%
Espanyol Antoniu Roca
8%
Athletic Club Beñat Prados
8%
Levante Carlos Espí
8%
Málaga Chupe
8%
Real Oviedo Dani Calvo
8%
Real Oviedo David Costas
8%
Espanyol Fernando Calero
8%
Celta de Vigo Hugo Sotelo
8%
Ipswich Town Iván Azón
8%
Mallorca Jan Virgilli
8%
Racing Santander Javi Castro
8%
Celta de Vigo Javi Rueda
8%
Sevilla Joan Jordán
8%
Girona Joel Roca
8%
Alavés Jonny Otto
8%
CE Europa Jordi Cano
8%
Osasuna Jorge Herrando
8%
Getafe Juanmi
8%
Bologna Juan Miranda
8%
Valencia Julen Agirrezabala
8%
Osasuna Kike Barja
8%
Sevilla Kike Salas
8%
Getafe Kiko Femenía
8%
Mallorca Mateu Morey
8%
Espanyol Miguel Rubio
8%
UD Las Palmas Mika Marmol
8%
Sevilla Oso
8%
Panathinaikos Pedro Chirivella
8%
Girona Portu
8%
Villarreal Sergi Cardona
8%
Almería Sergio Arribas
8%
Rayo Vallecano Sergio Camello
8%
Celta de Vigo Sergio Carreira
8%
Cádiz Suso
8%
Athletic Club Urko Izeta
8%
Real Madrid Castilla Victor Valdepeñas
8%
PSV Yarek Gasiorowski
8%
Osasuna Abel Bretones
6%
Albacete Agus Medina
6%
Real Betis Angel Ortíz
6%
Álaves Antonio Sivera
6%
Atlético Madrileño Arnau Ortíz
6%
Osasuna Asier Osambela
6%
Porto Borja Saínz
6%
Rayo Vallecano Dani Cárdenas
6%
Valencia Dani Raba
6%
Deportivo David Mella
6%
Sunderland Eliezer Mayenda
6%
Sporting Gijón Gaspar Campos
6%
Girona Hugo Rincón
6%
Levante Iker Losada
6%
Barcelona Jofre Torrents
6%
Racing Santander Jorge Salinas
6%
Espanyol José Salinas
6%
Levante Pablo Campos
6%
Alavés Pablo Ibañez
6%
Free Agent Paco Alcacer
6%
Elche Pedro Bigas
6%
Espanyol Ramón Terrats
6%
Mallorca Toni Lato
6%
Real Sociedad Unai Marrero
6%
Levante Unai Vencedor
6%
Elche Victor Chust
6%
Parma Adrián Bernabé
4%
Córdoba Adrián Fuentes
4%
Castellón Álex Calatrava
4%
Al-Shamal Álex Collado
4%
FC Utrecht Ángel Alarcón
4%
Almería Arnau Puigmal
4%
Werder Bremen Cameron Puertas
4%
Sporting Gijón Cesar Gelabert
4%
Andorra Dani Villahermosa
4%
Málaga David Larrubia
4%
Villarreal Diego Conde
4%
Sabadell Diego Fuoli
4%
Casa Pía Gaizka Larrazabal
4%
UD Las Palmas Iker Bravo
4%
Sporting CP Iván Fresneda
4%
Cádiz Javi Ontiveros
4%
Real Madrid Castilla Jesús Fortea
4%
Levante Jon Ander Olasagasti
4%
Aris Tessaloniki Loren Morón
4%
UD Las Palmas Manu Fuster
4%
Deportivo Mario Soriano
4%
Arouca Mateo Flores
4%
Lille Matías Fernandez-Pardo
4%
Genk Mujaid Sadick
4%
Southampton Oriol Romeu
4%
Vitoria Guimaraes Óscar Rivas
4%
Charlotte FC Pep Biel
4%
Pumas UNAM Rubén Duarte
4%
Stade Reims Sergio Akieme
4%
Athletic Club Unai Egiluz
4%
Elche Yago Santiago
4%
Hellas Verona Yellu Santiago
4%
Celta de Vigo Yoel Lago
4%
Almeria Adrián Embarba
2%
Malaga Adrián Niño
2%
Al-Ettifaq Álvaro Medrán
2%
Aris Tessaloniki Álvaro Tejero
2%
Sevilla Andrés Castrín
2%
Racing Santander Asier Villalibre
2%
Getafe Davinchi
2%
UD Las Palmas Enrique Clemente
2%
Burgos Fer Niño
2%
Elche Germán Valera
2%
Osasuna Iker Benito
2%
SD Huesca Jaime Seoane
2%
CD Caspe Javier Abbad
2%
Albacete Jefté Betancor
2%
Jagiellonia Jesús Imaz
2%
Qarabag Joni Montiel
2%
Real Sociedad Jon Karrikaburu
2%
Almería Jon Morcillo
2%
SD Huesca Jorge Pulido
2%
Ceuta José Campaña
2%
KV Mechelen José Marsá
2%
Real Zaragoza Juan Larios
2%
CD Leganés Juan Soriano
2%
CD Leganés Lalo Aguilar
2%
Racing Santander Manu Hernando
2%
Ceuta Marc Domenech
2%
Juarez Monchu
2%
Almeria Nico Melamed
2%
Udinese Oier Zarraga
2%
Famalicao Óscar Aranda
2%
Real Valladolid Pablo Tomeo
2%
Villarreal Pau Cabanés
2%
Krakow Pau Sans
2%
Torino Rafa Obrador
2%
Dinamo Zagreb Raúl Torrente
2%
Cultural Leonesa Roger Hinojo
2%
LAFC Sergi Palencia
2%
Ludogorets Son
2%
Tijuana Unai Bilbao
2%
Levante Unai Elgezabal
2%
Alavés Victor Parada
2%
Vitória Aitor Cantalapiedra
0%
Burgos Aitor Córdoba
0%
SD Eibar Aleix Garrido
0%
Getafe Álex Sancris
0%
Burgos Ander Cantero
0%
Cádiz Antonio Cordero
0%
Racing Santander Aritz Aldasoro
0%
Castellón Beñat Gerenabarrena
0%
Real Valladolid Chuki
0%
Córdoba Cristian Carracedo
0%
Sporting Gijón Dani Queipo
0%
Pafos David Goldar
0%
Levante Diego Pampín
0%
Leicester City Fran Vieities
0%
Sporting Gijón Guille Rosas
0%
Hajduk Split Iker Almena
0%
Burgos Íñigo Córdoba
0%
CF Montreal Iván Jaime
0%
Al-Fayha Jason Remeseiro
0%
Racing Santander Jokin Ezkieta
0%
Sporting Gijón Jonathan Dubasin
0%
SD Eibar Jon Bautista
0%
SD Eibar Jonmi Magunagoitia
0%
Arouca Jose Fontán
0%
Atlanta United Juan Berrocal
0%
Racing Santander Juan Carlos Arana
0%
Pescara Lamine Fanne
0%
Granada Manu Lama
0%
Coventry City Miguel Ángel Brau
0%
Burgos Miguel Atienza
0%
Deportivo Miguel Loureiro
0%
KVC Westerloo Nacho Ferri
0%
Shanghai Port Óscar Melendo
0%
Hellas Verona Pol Lirola
0%
Al-Sadd Rafa Mujica
0%
Levante Roger Brugué
0%
UD Las Palmas Sergio Barcía
0%
Elche Tete Morente
0%
No matching quizzes found
Score Distribution
Percent of People with Each Score
Percentile by Number Answered
Your Score History
You have not taken this quiz